[Event "Wch U16 blitz"]
[Site "Batumi"]
[Date "2023.06.11"]
[Round "11"]
[White "Shapovalovi, Vasiko"]
[Black "Tokhyan, Feliks"]
[Result "1-0"]
[WhiteElo "1741"]
[BlackElo "1537"]
[PlyCount "59"]
[EventDate "2023.06.10"]
[EventType "swiss (blitz)"]
[EventRounds "11"]
[EventCountry "GEO"]
[SourceTitle "EXT 2024"]
[Source "ChessBase"]
[SourceDate "2023.10.10"]
[SourceVersion "1"]
[SourceVersionDate "2023.10.10"]
[SourceQuality "1"]
[WhiteTeam "Georgia"]
[BlackTeam "Armenia"]
[WhiteTeamCountry "GEO"]
[BlackTeamCountry "ARM"]

1. d4 d5 2. c4 e5 3. dxe5 Ne7 4. Nf3 Be6 5. e3 Nbc6 6. cxd5 Qxd5 7. Qxd5 Nxd5 8. Bd2 Ndb4 9. Na3 0-0-0 10. Bb5 h6 11. Bxc6 bxc6 12. 0-0 g5 13. Nd4 c5 14. Nxe6 Rxd2 15. Nxf8 Rxf8 16. Nc4 Rc2 17. Rfc1 Rxc1+ 18. Rxc1 Re8 19. f4 gxf4 20. exf4 Nd3 21. Rf1 Rd8 22. g3 Rd4 23. b3 Nb4 24. f5 Kd7 25. e6+ Ke7 26. Ne5 fxe6 27. f6+ Kf8 28. f7 Rd8 29. Ng6+ Kg7 30. f8Q+ 1-0

[Event "Wch U16 rapid"]
[Site "Batumi"]
[Date "2023.06.08"]
[Round "10"]
[White "Sapenov, Daniyal"]
[Black "Tokhyan, Feliks"]
[Result "1-0"]
[WhiteElo "2292"]
[BlackElo "1610"]
[PlyCount "81"]
[EventDate "2023.06.06"]
[EventType "swiss (rapid)"]
[EventRounds "11"]
[EventCountry "GEO"]
[SourceTitle "EXT 2024"]
[Source "ChessBase"]
[SourceDate "2023.10.10"]
[SourceVersion "1"]
[SourceVersionDate "2023.10.10"]
[SourceQuality "1"]
[WhiteTeam "Kazakhstan"]
[BlackTeam "Armenia"]
[WhiteTeamCountry "KAZ"]
[BlackTeamCountry "ARM"]

1. d4 d5 2. c4 e5 3. dxe5 Ne7 4. e3 Be6 5. cxd5 Qxd5 6. Qxd5 Nxd5 7. a3 Nc6 8. Nf3 g6 9. Bd2 Bg7 10. Bb5 Bd7 11. Nc3 Nde7 12. 0-0-0 Nxe5 13. Nxe5 Bxe5 14. Bxd7+ Kxd7 15. e4 Kc8 16. Bg5 Bxc3 17. bxc3 Nc6 18. f3 Re8 19. Rd5 Ne5 20. Rhd1 c6 21. Rd6 Kc7 22. Bf4 Kb6 23. Rf6 Rac8 24. Bxe5 Rxe5 25. Rxf7 Rc7 26. Rdd7 Rxd7 27. Rxd7 h5 28. h4 Ra5 29. Kc2 Rxa3 30. Rg7 Ra1 31. Rxg6 Ra2+ 32. Kb3 Rf2 33. Rg5 a5 34. Rxh5 Rxg2 35. Rf5 Rg1 36. h5 Rb1+ 37. Ka3 Rh1 38. f4 Re1 39. e5 Kc5 40. e6+ Kc4 41. Re5 1-0